000 00459nam a2200181Ia 4500
008 100917s9999 xx 000 0 und d
082 _b20034
100 _aराय नलिनीकांत
245 _aमूक सुंदरी
260 _b---
_c1917
300 _a92
365 _b0.5
520 _aकथा
630 _aमूक सुंदरी
650 _aकथा
730 _aमूक सुंदरी
942 _cBOOK
999 _c625428
_d625425